000 00926nam a2200253 4500
005 20240530110503.0
008 150516s2010 ua d g b 000 0 ara d
017 _a9042
_bمصر . دار الكتب المصرية
020 _a9770526657
040 _aEG-CaGPL
082 0 4 _221
_a371.92\
_bش م
100 0 _aشريف عادل جابر
245 1 0 _aمهارات ادراك مخاطر الطريق للاطفال ذوى اضطراب التوحد /
_cشريف عادل جابر
250 _aط1
260 _aالقاهرة :
_bمكتبة الانجلو المصرية ،
_c2010 .
300 _a190 ص :
_bصور ؛
_c24 سم
504 _aببليوجرافية : ص 179 - 190
650 0 4 _aالتوحد
650 0 4 _aالشوارع
_xمخاطر
650 0 4 _aالاطفال المعوقون
650 0 4 _aالاطفال
_xعلم النفس
942 _2ddc
_cBK
999 _c61518
_d61518